[Event "Arad op 10th"]
[Site "Arad"]
[Date "2017.08.08"]
[Round "4"]
[White "Cvetkovic, Srdjan"]
[Black "Coman, Mihnea George"]
[Result "1-0"]
[WhiteElo "2249"]
[BlackElo "2029"]
[PlyCount "75"]
[EventDate "2017.08.06"]
[EventType "swiss"]
[EventRounds "9"]
[EventCountry "ROU"]
[SourceTitle "CBM 179 Extra"]
[Source "ChessBase"]
[SourceDate "2017.08.23"]
[SourceVersion "1"]
[SourceVersionDate "2017.08.23"]
[SourceQuality "1"]

1. c4 c5 2. b3 Nc6 3. g3 e5 4. Bg2 Nge7 5. Nc3 d6 6. d3 g6 7. e3 Bg7 8. Bb2 Be6 9. Nd5 Bxd5 10. cxd5 Qa5+ 11. Ke2 Nb8 12. e4 0-0 13. Nf3 Nxd5 14. exd5 e4 15. Nd2 Bxb2 16. Nc4 Qc3 17. Rb1 exd3+ 18. Kf1 d2 19. Rxb2 b5 20. Qxd2 Qxd2 21. Nxd2 Na6 22. Ne4 Rfd8 23. Bf3 Nc7 24. Kg2 h6 25. Nxc5 dxc5 26. d6 Rxd6 27. Bxa8 Nxa8 28. Rc1 Nb6 29. Rxc5 b4 30. Ra5 Rd7 31. Kf3 Kg7 32. Rb5 Rd4 33. Ke3 Rd7 34. Rd2 Re7+ 35. Kf3 Nd7 36. Rxb4 Ne5+ 37. Kg2 Nc6 38. Rc4 1-0

[Event "ROM-ch U14"]
[Site "Baile Felix"]
[Date "2017.02.09"]
[Round "9"]
[White "Coman, Mihnea George"]
[Black "Balan, Bogdan"]
[Result "1-0"]
[WhiteElo "2130"]
[BlackElo "1965"]
[PlyCount "97"]
[EventDate "2017.02.02"]
[EventType "swiss"]
[EventRounds "9"]
[EventCountry "ROU"]
[SourceTitle "CBM 176 Extra"]
[Source "ChessBase"]
[SourceDate "2017.03.02"]
[SourceVersion "1"]
[SourceVersionDate "2017.03.02"]
[SourceQuality "1"]

1. d4 e6 2. Nf3 Nf6 3. e3 c5 4. Bd3 Nc6 5. b3 d5 6. Bb2 Bd6 7. Ne5 0-0 8. f4 Bxe5 9. fxe5 Nd7 10. 0-0 Qb6 11. c3 f6 12. Qh5 f5 13. Kh1 Rf7 14. Nd2 g6 15. Qh6 Qd8 16. c4 Ndxe5 17. dxe5 dxc4 18. Nxc4 Qxd3 19. Rad1 Qe2 20. Nd6 Qxb2 21. Nxf7 Kxf7 22. Qxh7+ Kf8 23. Qh8+ Kf7 24. Qf6+ Ke8 25. Qxg6+ Kf8 26. e4 Nd4 27. exf5 exf5 28. Qf6+ Ke8 29. e6 Qe2 30. Qf7+ Kd8 31. Qf8+ Kc7 32. Qxc5+ Nc6 33. Rfe1 Qh5 34. e7 Qe8 35. Rd8 Qxd8 36. exd8Q+ Kxd8 37. Qd6+ Bd7 38. Rd1 Nb8 39. Qf8+ Kc7 40. Qe7 Kb6 41. Qd8+ Ka6 42. Rxd7 Nxd7 43. Qxa8 Nb6 44. Qf8 Nd5 45. Qxf5 Nb6 46. a4 Nxa4 47. bxa4 b6 48. Qd5 b5 49. Qxb5# 1-0